000 00365nam a2200145Ia 4500
008 150201s2000 xx 000 0 und d
082 _a617.52
_bE2000A
100 _aSTEN ,ARONSON
245 _aEXCESS FACE HEIGHT MALOCCLUSION
250 _a1ST
260 _bQUINTESSENCE PUBLICATION
_aLONDON
_c2000
300 _a1-106
650 _aORAL SURGERY
942 _2ddc
_cBK
999 _c4780
_d4780